कथा आणि कथाकथन (Record no. 1224384)

MARC details
000 -LEADER
fixed length control field 00650nam a2200193Ia 4500
008 - FIXED-LENGTH DATA ELEMENTS--GENERAL INFORMATION
fixed length control field 151121s9999||||xx |||||||||||||| ||und||
082 ## - DEWEY DECIMAL CLASSIFICATION NUMBER
Classification number 814/मंगळ
082 ## - DEWEY DECIMAL CLASSIFICATION NUMBER
Item number HNW-29222
100 ## - MAIN ENTRY--PERSONAL NAME
Personal name मंगळवेढेकर राजा
245 ## - TITLE STATEMENT
Title कथा आणि कथाकथन
260 ## - PUBLICATION, DISTRIBUTION, ETC. (IMPRINT)
Name of publisher, distributor, etc "साधना प्रकाशन, पुणे।"
260 ## - PUBLICATION, DISTRIBUTION, ETC. (IMPRINT)
Date of publication, distribution, etc --
300 ## - PHYSICAL DESCRIPTION
Extent 216
600 ## - SUBJECT ADDED ENTRY--PERSONAL NAME
Personal name मंगळवेढेकर राजा
630 ## - SUBJECT ADDED ENTRY--UNIFORM TITLE
Uniform title कथा आणि कथाकथन
700 ## - ADDED ENTRY--PERSONAL NAME
Personal name मंगळवेढेकर राजा
730 ## - ADDED ENTRY--UNIFORM TITLE
Uniform title कथा आणि कथाकथन
942 ## - ADDED ENTRY ELEMENTS (KOHA)
Koha item type Book
Holdings
Withdrawn status Lost status Damaged status Not for loan Home library Current library Date acquired Cost, normal purchase price Total Checkouts Full call number Barcode Date last seen Cost, replacement price Price effective from Koha item type
        Hirachand Nemchand Wachanalaya, Solapur Hirachand Nemchand Wachanalaya, Solapur 11/21/2015 8.00   HNW-29222 HNW-29222 11/21/2015 8.00 11/21/2015 Book